logo

Bir Sreshtho Munshi Abdur Rouf Library
Jhenaidah Cadet College

15-minute Spanish: (Record no. 14357)

MARC details
000 -LEADER
fixed length control field 00831nam a2200229 a 4500
001 - CONTROL NUMBER
JCCL Control Number 14357
003 - CONTROL NUMBER IDENTIFIER
JCCL marc code BD-JhCC
005 - DATE AND TIME OF LATEST TRANSACTION
control field 20250313100750.0
008 - FIXED-LENGTH DATA ELEMENTS--GENERAL INFORMATION
fixed length control field 120304e201905uuxxk g |||||||0|0 eng|d
020 ## - INTERNATIONAL STANDARD BOOK NUMBER
International Standard Book Number 9780241379868
Terms of availability £7.99
035 ## - SYSTEM CONTROL NUMBER
system control number (BD-JhCC)14357
040 ## - CATALOGING SOURCE
Original cataloging agency UK-WkNB
Transcribing agency UK-WkNB
Modifying agency BD-JhCC
041 ## - LANGUAGE CODE
Language code of Book eng
082 04 - DEWEY DECIMAL CLASSIFICATION NUMBER
Classification number 448.24
DDC Edition number 23
Author mark and Year LEM 2013
100 ## - MAIN ENTRY--PERSONAL NAME
Personal name Lemoine, Caroline
245 10 - TITLE STATEMENT
Title 15-minute Spanish:
Remainder of title Learn In Just 12 Weels.
Statement of responsibility, etc Caroline Lemoine
260 ## - PUBLICATION, DISTRIBUTION, ETC. (IMPRINT)
Place of publication, distribution, etc London :
Name of publisher, distributor, etc Dorling Kindersley Publishers Ltd :
-- [distributor] Penguin Books Ltd :
-- [distributor] United Book Distributors :
-- [distributor] United Book Distributors :
-- [distributor] Booksite Afrika :
-- [distributor] Penguin USA,
Date of publication, distribution, etc 2019.
300 ## - PHYSICAL DESCRIPTION
Pagination 160 p. :
Dimensions 22x13x1 cm.
500 ## - GENERAL NOTE
General note Paperback.
650 ## - SUBJECT ADDED ENTRY--TOPICAL TERM
Topical term or geographic name as entry element Spnish Language
942 ## - ADDED ENTRY ELEMENTS (KOHA)
Source of classification or shelving scheme Dewey Decimal Classification
Koha item type Books
Holdings
Source of classification or shelving scheme Damaged status Not for loan Home library Current library Shelving location Date of accession Total Checkouts Full call number Barcode Date last seen Date checked out Copy number Method of acquisition Koha item type Currency
Dewey Decimal Classification     JCC Rouf Library JCC Rouf Library General Stacks   2 448.24 LEM 2013 17130 05/28/2025 05/26/2025 C-1 Exchange Books BDT

JCC Library | Contacts | JCC Home

Last Update on 23 September 2017
Copyright @ 2017-2020 JCC Rouf Library
Rouf Library, Jhenidah Cadet College (JCC), Bangladesh